Movie Opening Lines (1990s) Quiz Stats

Quiz Updated Nov 2, 2015

Challenge
Share
Tweet
Embed
Score 0/15 Timer 06:00
1 Play Today
Opening Line Movie % Correct
Starling! Starling! Crawford wants to see you in his office.The Silence of the Lambs
78.6%
Gentlemen, are we all here? Good. As you know, my plot to high-jack nuclear weapons and hold the world hostage has failed. Again.Austin Powers: International Man of Mystery
70.9%
Three billion human lives ended on August 29, 1997. The survivors of the nuclear fire called the war Judgment Day.Terminator 2: Judgment Day
69.3%
My name is Lester Burnham. This is my neighborhood; this is my street; this is my life. I am 42 years old; in less than a year I will be dead.American Beauty
62.5%
Life's not fair, is it? You see, I... well, I shall never be king. And you... shall never see the light of another day. Adieu.The Lion King
52.1%
We were somewhere around Barstow, on the edge of the desert, when the drugs began to take hold.Fear and Loathing in Las Vegas
47.9%
Way out west there was this fella... fella I wanna tell ya about. Fella by the name of Jeff ....The Big Lebowski
46.5%
Listen, here's the thing. If you can't spot the sucker in the first half hour at the table, then you ARE the sucker.Rounders
40.3%
Opening Line Movie % Correct
Somebody asked me today, 'Phil, if you could be anywhere in the world, where would you like to be?'Groundhog Day
37.3%
Let me tell you what 'Like a Virgin' is about.Reservoir Dogs
29.5%
Come to Los Angeles! The sun shines bright, the beaches are wide and inviting, and the orange groves stretch as far as the eye can see.L.A. Confidential
22.9%
How you doing, Keaton? The Usual Suspects
21.4%
'Twas a long time ago, longer now than it seems in a place perhaps you've seen in your dreams. For the story you're about to be told began with the holiday worlds of auld.The Nightmare Before Christmas
19.7%
[singing] There's a bunch of birds in the sky. And some deers just went running by. South Park: Bigger, Longer, and Uncut
11.7%
9:13. Personal note. When I was a little kid, my mother told me not to stare into the sun. So once, when I was six, I did.Pi
4.6%

You're not logged in!

Compare scores with friends on all Sporcle quizzes.
Join for Free
OR
Log In

You Might Also Like...

Show Comments

Extras

Top Quizzes Today


Score Distribution

Your Account Isn't Verified!

In order to create a playlist on Sporcle, you need to verify the email address you used during registration. Go to your Sporcle Settings to finish the process.

Report this User

Report this user for behavior that violates our Community Guidelines.

Details: